تعريف عام بدين الاسلام

Bibliographic Details
Main Author: طنطاوي، علي (Author)
Format: Book
Published: Jiddah : Dar al-Manarah , 1989
Subjects:

MARC

LEADER 00000cam a2200000 7i4500
001 0000005558
005 20240402093000.0
008 021119s1989
090 0 0 |a BP166.78   |b .T3 
100 0 |a طنطاوي، علي ,   |e author 
241 2 0 |a Tarif amm bi-din al-Islam 
245 1 0 |a تعريف عام بدين الاسلام   |c علي الطنطاوي 
260 2 |a Jiddah :   |b Dar al-Manarah ,   |c 1989 
300 |a 191 p. ;   |c 24 cm. 
650 0 |a Faith (Islam) 
999 |a 1000034276   |b Book   |c OPEN SHELF (30 DAYS)   |e Gong Badak Campus 
999 |a 1000034483   |b Book   |c OPEN SHELF (30 DAYS)   |e Gong Badak Campus 
999 |a 1000061660   |b Book   |c OPEN SHELF (30 DAYS)   |e Gong Badak Campus